000 01491cam a22004098i 4500
001 23336000
003 OSt
005 20231004143138.0
008 230928s2024 nyu b 000 0deng
010 _a 2023039020
020 _a9789356992757
020 _a9780374602925
040 _aDLC
_beng
_erda
_cDLC
_dDLC
042 _apcc
043 _aa-cc---
_ae-uk---
050 0 0 _aHD9675.O652
_bG467 2024
082 0 0 _a338.47362293
_bGHO/S
100 1 _aGhosh, Amitav,
_d1956-
_eauthor.
_95412
245 1 0 _aSmoke and ashes :
_ba writer's journey through opium's hidden histories /
_cAmitav Ghosh.
263 _a2402
264 1 _aNew Delhi :
_bHarper collins,
_c2023.
300 _a397 pages
336 _atext
_btxt
_2rdacontent
337 _aunmediated
_bn
_2rdamedia
338 _avolume
_bnc
_2rdacarrier
504 _aIncludes bibliographical references.
520 _a"Amitav Ghosh unravels the impact of the opium trade on global history and in his own family-the climax of a yearslong project"--
_cProvided by publisher.
600 1 0 _aGhosh, Amitav,
_d1956-
_xTravel
600 1 0 _aGhosh, Amitav,
_d1956-
_xFamily.
650 0 _aOpium trade
_xHistory.
651 0 _aChina
_xCommerce
_xHistory.
651 0 _aIndia
_xCommerce
_xHistory.
651 0 _aGreat Britain
_xCommerce
_xHistory.
906 _a7
_bcbc
_corignew
_d1
_eecip
_f20
_gy-gencatlg
942 _2ddc
_cBK
_h338.47362293
_iGHO/S
_k338.47362293
_mGHO/S
999 _c42524
_d42524